Nederlandse Vlaggen - Statistieken

Algemene statistieken
  • Deze quiz is 73 keer genomen
  • De gemiddelde score is 12 van 30
Antwoordstatistieken
Foto Antwoord % Correct
Friesland
98%
Groningen
84%
Noord Brabant
81%
Amsterdam
79%
Limburg
74%
Drenthe
73%
Zeeland
69%
Overijssel
66%
Gelderland
65%
Utrecht
63%
Flevoland
61%
Noord Holland
61%
Zuid Holland
60%
Utrecht
26%
Ameland
19%
Schiermonnikoog
19%
Terschelling
19%
Texel
19%
Groningen
18%
Vlieland
18%
Den haag
15%
Arnhem
13%
Zwolle
13%
Leeuwarden
10%
Maastricht
10%
Prinsenvlag
10%
Assen
5%
Den bosch/'s Hertogenbosch
5%
Haarlem
5%
Middelburg
5%
Geen overeenkomende quizzen gevonden
Scoreverdeling
Procent van Mensen met Elke Score
Percentiel versus Aantal Correcte Antwoorden
Uw Scoregeschiedenis
U heeft deze quiz nog niet genomen